Band Aid (1984) Artists (by group photo) - Statistics

General Stats
  • This quiz has been taken 122 times
  • The average score is 12 of 37
Answers on the Map
Answers color-coded by a green-red scale on the quiz's map according to % correct below.
 
Answer Stats
Answers % Correct
Simon Le Bon
91%
George Michael
87%
Phil Collins
87%
Bono
76%
Sting
75%
Bob Geldof
69%
Midge Ure
54%
Paul Young
53%
John Taylor
46%
Tony Hadley
44%
Andy Taylor
43%
Roger Taylor
43%
Francis Rossi
40%
Gary Kemp
38%
James Taylor
38%
Martin Kemp
38%
Paul Weller
35%
Rick Parfitt
32%
Nick Rhodes
29%
Marilyn
28%
Siobhan Fahey
25%
Keren Woodward
19%
Jon Moss
16%
John Keeble
13%
Steve Norman
13%
Jody Watley
12%
Sara Dallin
11%
Glenn Gregory
6%
Adam Clayton
4%
Dennis Thomas
4%
Johnny Fingers
4%
Martin Ware
4%
Robert 'Kool' Bell
4%
Chris Cross
2%
Peter Blake
2%
Simon Crowe
2%
Peter Briquette
1%
No matching quizzes found
Score Distribution
Percent of People with Each Score
Percentile by Number Answered
Your Score History
You have not taken this quiz